BSOP header

Wesley : (Record no. 36489)

MARC details
000 -LEADER
fixed length control field 00719cam a2200217 a 4500
005 - DATE AND TIME OF LATEST TRANSACTION
control field 20140520110339.0
008 - FIXED-LENGTH DATA ELEMENTS--GENERAL INFORMATION
fixed length control field 090330s2009 enk b 001 0 eng
020 ## - INTERNATIONAL STANDARD BOOK NUMBER
International Standard Book Number 9780567033529 (hbk.)
020 ## - INTERNATIONAL STANDARD BOOK NUMBER
International Standard Book Number 056703352X (hbk.)
020 ## - INTERNATIONAL STANDARD BOOK NUMBER
International Standard Book Number 0567033538 (pbk.)
020 ## - INTERNATIONAL STANDARD BOOK NUMBER
International Standard Book Number 9780567033536 (pbk.)
100 1# - MAIN ENTRY--PERSONAL NAME
Personal name Vickers, Jason E.
245 10 - TITLE STATEMENT
Title Wesley :
Remainder of title a guide for the perplexed /
Statement of responsibility, etc Jason E. Vickers.
260 ## - PUBLICATION, DISTRIBUTION, ETC. (IMPRINT)
Place of publication, distribution, etc London ;
-- New York :
Name of publisher, distributor, etc T & T Clark,
Date of publication, distribution, etc c2009.
300 ## - PHYSICAL DESCRIPTION
Extent viii, 133 p. ;
Dimensions 23 cm.
490 1# - SERIES STATEMENT
Series statement Continuum guides for the perplexed
504 ## - BIBLIOGRAPHY, ETC. NOTE
Bibliography, etc Includes bibliographical references (p. 124-128) and index.
600 10 - SUBJECT ADDED ENTRY--PERSONAL NAME
Personal name Wesley, John,
Dates associated with a name 1703-1791.
830 #0 - SERIES ADDED ENTRY--UNIFORM TITLE
Uniform title Guides for the perplexed.
942 ## - ADDED ENTRY ELEMENTS (KOHA)
Source of classification or shelving scheme Library of Congress Classification
Item type Books
Holdings
Withdrawn status Lost status Source of classification or shelving scheme Damaged status Not for loan Home library Current library Shelving location Date acquired Source of acquisition Cost, normal purchase price Accession number Total Checkouts Full call number Barcode Date last seen Price effective from Koha item type
    Library of Congress Classification     BSOP Library BSOP Library GC 11/11/2011 Theological Book Network 400.00 35864   BX8495.W5 V66 2009 00042564 04/26/2013 04/26/2013 Books
BSOP

Biblical Seminary of the Philippines
  All rights Reserved
  © 2024

CONTACT INFORMATION

Biblical Seminary of the Philippines,
  77-B Karuhatan Road, Valenzuela City,
  PHILIPPINES 1441
  Phone: +632 8292-6795 / 8292-6798
  Fax : +632 8292-6675
  Email: library@bsop.edu.ph